Normal view
MARC view
Entry Personal Name
001 - CONTROL NUMBER
- control field: 8066
003 - CONTROL NUMBER IDENTIFIER
- control field: BD-RjUL
005 - DATE AND TIME OF LATEST TRANSACTION
- control field: 20230718143410.0
008 - FIXED-LENGTH DATA ELEMENTS
- fixed length control field: 230718|| aca||aabn | a|a d
040 ## - CATALOGING SOURCE
- Original cataloging agency: BD-RjUL
- Transcribing agency: BD-RjUL
100 ## - HEADING--PERSONAL NAME
- Personal name: Islam, Md. Touhidul
670 ## - SOURCE DATA FOUND
- Source citation: Work cat.: (BD-RjUL)81583: Islam, Md. Touhidul, Improvement of Orchid Species Through in Vitro Micropropagation and Induction of Polyploidy by Antimitotic Agents /, 2019